| 000 | 01299cad a22002055a 4500 | ||
|---|---|---|---|
| 001 | L155697 | ||
| 008 | 120402s2012 xxk 000 0 eng d | ||
| 035 | _a(Sirsi) u155697 | ||
| 041 | 0 | _aeng | |
| 110 | 2 |
_aRREEF Real Estate _96033 |
|
| 245 | 0 | 0 |
_aEuropean real estate strategic outlook _bMarch 2012 _h[electronic resource] |
| 260 |
_a[S.I] _bRREEF _c2012 |
||
| 490 | 0 |
_aRREEF European Real Estate Strategic Outlook _vMarch 2012 |
|
| 520 | _aThe pace of economic activity has been slowing throughout much of Europe in recent months. The Eurozone fell into recession during the final quarter of 2011. This second recession is expected to be relatively moderate and short, lasting only two to three quarters. A gradual solution to the Eurozone crisis will emerge, following which Europe will enter a period of slow recovery. | ||
| 520 | _aExecutive summary -- The economy -- Real estate performance -- Property market fundamentals -- Capital markets -- Office -- Retail -- Logistics -- Alternative sectors -- Investment opportunities by sector and risk -- Sustainability. | ||
| 651 | 4 | _aEurope | |
| 690 |
_aCommercial property _96227 |
||
| 856 | 4 | 0 |
_uhttps://www.rreef.com/content/_media/Research_European_Real_Estate_Strategic_Outlook_March_2012.pdf _zView this report at www.rreef.com |
| 942 | _n0 | ||
| 999 |
_c83897 _d83897 |
||